|
|
|
|
| LEADER |
00000nam a2200000 a 4500 |
| 001 |
UCO2632 |
| 003 |
CL-VaPUC |
| 005 |
20220518074454.0 |
| 008 |
000608e19750000cl |||||||||||||||||spa|d |
| 999 |
|
|
|c 289136
|d 289134
|
| 040 |
|
|
|c Pontificia Universidad Católica de Valparaíso
|
| 082 |
0 |
4 |
|a 983.38 UNI 1975
|2 21
|
| 110 |
2 |
|
|a Universidad de Chile
|e author
|9 446086
|
| 245 |
1 |
0 |
|a Chillán 395 años de historia:
|b documento conmemorativo a la fundación de Chillán, 1580-1975
|
| 260 |
|
|
|a Chillán, Chile
|b s.n
|c 1975
|
| 300 |
|
|
|a pág. irreg
|
| 583 |
|
|
|a last modification
|c 20180108 01:59:37
|k Rodrigo Vera
|
| 650 |
|
0 |
|a Ciudades
|z CHILLAN
|z CHILE
|9 265474
|
| 650 |
|
0 |
|a Historia
|z CHILLAN
|z CHILE
|9 255047
|
| 650 |
|
0 |
|a Fundación de ciudades
|z CHILLAN
|z CHILE
|9 396125
|
| 710 |
2 |
|
|a Ilustre Municipalidad de Chillán
|e author
|9 446087
|
| 852 |
|
|
|a BIBCUR
|
| 942 |
|
|
|c BK
|2 ddc
|
| 945 |
|
|
|d 20000608 00:00:00
|a crobeson
|
| 952 |
|
|
|0 0
|1 0
|2 ddc
|4 0
|6 983_380000000000000_UNI_1975
|7 0
|8 A
|9 337328
|a BIBHIS
|b BIBHIS
|d 2019-11-20
|i 1293656
|o 983.38 UNI 1975
|p 1293656
|r 2025-01-20
|t 1
|w 2019-11-20
|y BK
|k HIS
|